000 00414nam a2200181Ia 4500
005 20240823035306.0
008 240823s9999||||xx |||||||||||||| ||und||
041 _aENGLISH
082 _A398.2 P3
100 _aRabindranath Tagore
245 4 _aThe Prince & other Modern Fables
250 _a1st
260 _c2003
_bPuffin
500 _aYES
650 _aPrince
_bGeneral
942 _cBK
999 _c200338
_d200338